000 00325nam a2200157Ia 4500
100 _aPratab/Rudra
250 _a6
942 _cBK
654 _aMATLAB
245 _aGetting started with MATLAB
260 _bOxford university press
_c2002
082 _a5.131
_bPRA
300 _a245
546 _aENGLISH
999 _c21344
_d21344